000 00791nam a2200229 i 4500
001 15761
003 ES-MaACL
005 20230906151139.0
007 t|
008 000505m19801987xxc ||||1| fre d
020 _a2-7621-1190-0
080 _a821.133.1(71)(038)
245 0 0 _aDictionnaire des oeuvres littéraires du Québec /
_csous la direction de Maurice Lemire.
260 _aMontréal :
_bFides,
_c1980-1987.
300 _a5 v. ;
_c25 cm.
500 _aBibliografía.
500 _aIndices.
505 8 _aContiene: t. 1. Des origines áa 1900 -- t. 2. 1900-1939 -- t. 3. 1940-1959 -- t. 4. 1960-1969 -- t. 5. 1970-1975.
650 1 4 _aLiteratura canadiense (Francés)-
_vDiccionarios.
_914513
700 1 _aLemire, Maurice.
_971476
852 _aES-MaACL
_jL-22918-22
_bR.116789
999 _c15761
_d15761